000 01523cam a2200265 4500
001 ##L125966
008 040426n2005 000 0 eng u
020 _a1853288675
035 _a(Sirsi) u125966
041 0 _aeng
050 0 4 _a346.41042 $2 18
100 1 _aCowen, Gary
245 0 0 _aCommonhold
_blaw and practice
260 _aLondon
_bLaw Society
_c2005
300 _axxiv, 323p
_c24cm
350 _a49.95
505 2 _aBackground to the commonhold legislation -- What is commonhold? -- Setting up a commonhold -- Registration procedures -- Commonhold units -- The commonhold community statement -- Commonhold associations -- Lending on commonhold -- Developer's rights -- Managing a commonhold -- Commonhold and taxes -- Purchasing and owning commonhold land -- Variation of a commonhold -- Bringing a commonhold to an end -- Commonhold the alternative to the leasehold system
520 _aA succinct and authoritative guide to the law and practice of commonhold. Provides practical guidance on the procedure for registration of commonhold land, drafting the commonhold community statement, setting up and running a commonhold association, and termination of commonhold. Reproduces the Commonhold and Leasehold Reform Act 2002 Part I and extracts from supporting regulations and statutory guidance.
590 _aIKA061205
650 2 4 _aCOMMONHOLD AND LEASEHOLD REFORM ACT 2002
690 _aPROPERTY-COMMONHOLD PROPERTY
700 1 _aDriscoll, James
700 1 _aTarget, Laurence
942 _n0
999 _c103527
_d103527